00290nam a2200109 a 4500008004100000050001400041100002000055245002900075260005200104300001500156350000900171120416s1964 ||||||||||||||||| || u aDT 31 Nic aNicol, Davidson10aAfrica-a subjective view aLondonbLongmans & Ghana University Pressc1964 aviii, 88p. a0.00